| 000 | 00638nam a2200169 a 4500 | ||
|---|---|---|---|
| 001 | 000031193 | ||
| 005 | 20200930062749.0 | ||
| 008 | 110614s1945 dr 000 0 spa d | ||
| 040 |
_aDO-SdBNP _bspa _cBNPHU |
||
| 100 | 1 |
_aPingarrón Hernández, Angel _957663 |
|
| 245 | 1 | 3 |
_aLa psicología al alcance de todos / _cAngel Pingarrón Hernández ; presentación Consuelo Brea Cordero ; prólogo Constancio Bernaldo de Quirós. |
| 260 |
_aSanto Domingo : _bImprenta San Francisco, _c1945. |
||
| 300 |
_a390 p. ; _c24 cm. |
||
| 700 | 1 |
_aBrea Cordero, Consuelo _957664 |
|
| 700 | 1 |
_aQuirós, Constancio Bernaldo de _vpról. _957665 |
|
| 049 | _aBNPD | ||
| 999 |
_c30685 _d30685 |
||